000 00587nam a22002057a 4500
003 BUBTL
008 180531b xxu||||| |||| 00| 0 eng d
020 _a984-8759-12-03
082 _a515.63
_bHOT
100 _91892
_aHossain, MD Elias
245 _aTensor Analysis
_cMd. Elias Hossain/Md. Hafizur Rahman
250 _a2nd
260 _aDhaka
_bTitas Publications
_c2010
300 _a221p . :
_b22cm .
650 0 _9124
_aMathematics
700 _91893
_aMd. Elias Hossain/Md. Hafizur Rahman
856 _k0
_l0
_yDownload
942 _2ddc
_cBK
999 _c5736
_d5736